01069cam a22002651 4500001001300000003000400013005001700017008004100034010001700075035001800092040001800110042001200128050001800140100002000158245026400178260004800442300001900490500003400509500002400543504003000567650002900597650002600626740013400652999001700786sa 68017075 DLC20260227112700.0720801s1957 xx 000 0 ind  asa 68017075  a(OCoLC)371314 aDLCcOAUdDLC apremarc00aRC311.2b.T361 aTan, Thiam Hok.10aIchtiar kearah standardisasi tjara-tjara pemeriksaan laboratorium mengenai mycobacterium tuberculosis dalam dahak di Indonesia. bTowards a standardization of the laboratory methods for the detection of mycobacterium tuberculosis in human sputum in Indonesia. a[Djakarta,bPenerbitan Universitas,c1957?] a135 p.c23 cm. aTesis--Universitas Indonesia. aSummary in English. aBibliography: p. 121-135. 0aTuberculosisxDiagnosis. 0aSputumxMicrobiology.0 aTowards a standardization of the laboratory methods for the detection of mycobacterium tuberculosis in human sputum in Indonesia. c87503d87503